000 005000000a22002170004500
005 20120302053036.0
942 _cBOOK
100 _a Bryant, Jacob
245 _a New system of, an analysis of antient mythology
250 _a 3rd
260 _aLondon:
_bJ.Walker,
_c1807
300 _alii,396p
040 _aENG
365 _bRs.
650 _aAnalysis-Antiant Mythology
650 _aMythology
650 _aRadicals
650 _aHelladians
650 _aReligion
650 _aHistory
999 _c341785
_d341782